Catálogo
 En Linea

Protestantism and revolution in Cuba / (Registro nro. 25054)

Detalles MARC
000 -CABECERA
campo de control de longitud fija 00707nam a2200193 a 4500
001 - NÚMERO DE CONTROL
campo de control 000025562
005 - FECHA Y HORA DE LA ÚLTIMA TRANSACCIÓN
campo de control 20200930023859.0
008 - DATOS DE LONGITUD FIJA--INFORMACIÓN GENERAL
campo de control de longitud fija 110217s1989 xxu r 000 0 eng d
020 ## - NÚMERO INTERNACIONAL ESTÁNDAR DEL LIBRO
Número Internacional Estándar del Libro 0935501177
040 ## - FUENTE DE LA CATALOGACIÓN
Centro catalogador/agencia de origen DO-SdBNP
Lengua de catalogación spa
Centro/agencia transcriptor BNPHU
082 ## - NÚMERO DE LA CLASIFICACIÓN DECIMAL DEWEY
Número de clasificación xxxxxx
Número de documento/Ítem R175p
049 ## - FONDOS LOCALES (OCLC)
Fondos de biblioteca BNGR
100 1# - ENTRADA PRINCIPAL--NOMBRE DE PERSONA
Nombre de persona Ramos, Marcos Antonio
9 (RLIN) 34254
245 10 - MENCIÓN DE TÍTULO
Título Protestantism and revolution in Cuba /
Mención de responsabilidad, etc. Marcos A. Ramos.
260 ## - PUBLICACIÓN, DISTRIBUCIÓN, ETC.
Lugar de publicación, distribución, etc. Florida, Estados Unidos :
Nombre del editor, distribuidor, etc. Insitute for Interamerican Studies, Graduate School of International Studies :
-- University of Miami,
Fecha de publicación, distribución, etc. 1989.
300 ## - DESCRIPCIÓN FÍSICA
Extensión 168 p. ;
Dimensiones 21 cm.
500 ## - NOTA GENERAL
Nota general En la portada : Research Institute for Cuban Studies.
710 1# - PUNTO DE ACCESO ADICIONAL--NOMBRE DE ENTIDAD CORPORATIVA
Nombre de entidad corporativa o nombre de jurisdicción como elemento de entrada Research Institute for Cuban Studies.
9 (RLIN) 52235
Existencias
Estado de retiro Estado de pérdida Restricciones de uso No para préstamo Código de colección Localización permanente Ubicación/localización actual Ubicación en estantería Fecha de adquisición Número de inventario Total de préstamos Signatura topográfica completa Código de barras Fecha visto por última vez Precio válido a partir de Tipo de ítem Koha
        Monografías: Libros y Folletos General General En catalogación 17.02.2011 LF1   xxxxxx R175p 25562-10 25.06.2020 25.06.2020 Préstamo en sala

Con tecnología Koha